00805nam a2200217Ia 4500003000900000008004100009020001800050040001600068080001300084100002300097245014700120260004400267300001600311650002100327650001600348650003100364650003700395942000700432999001700439952013100456IN-BaIIA211028s9999 xx 000 0 eng d a0-19-509599-5 cIIA Library a577bKAU aKauffman, S920976 0aAt home in the universebthe search for laws of self-organization and complexitycS. Kauffman  aNew YorkbOxford University Pressc1995 aviii, 321p. aEvolution914171 aLife920304 aMolecular evolution920977 aSelf - organizing systems920978 cBK c12052d12052 00104070aBANbBANcGENd1997-03-18eANJ g1200.99l0o577/ KAUp12968r2021-11-05v1200.99w1997-03-18yBKGRs. 1200.99